000 00290cam a2200133ua 4500
041 _amal
_h
082 _a894.812308
_bMUR/GA
100 _aMuraski, .
245 _aGanjiyude kadha /
_cMuraski.
_hTextual Documents
300 _a290 ; .
504 _a
942 _cBK
999 _c4986
_d4986